| 000 | 01050pam a2200349 a 4500 | ||
|---|---|---|---|
| 999 |
_c884 _d884 |
||
| 001 | 016015740 | ||
| 003 | Uk | ||
| 005 | 20191224143023.0 | ||
| 008 | 120314t20121999stka j 000 1 eng c | ||
| 015 |
_aGBB207397 _2bnb |
||
| 016 | 7 |
_a016015740 _2Uk |
|
| 020 | _a9781781120798 (pbk.) : | ||
| 020 | _a178112079X (pbk.) : | ||
| 035 | _a(StEdNL)4681913 | ||
| 040 |
_aStDuBDS _beng _cStDuBDS _dStEdNL _dUk |
||
| 042 | _aukscp | ||
| 082 | _aFIC BLA | ||
| 100 | 1 |
_aBlackman, Malorie. _eauthor |
|
| 245 | 1 | 0 |
_aHostage / _cby Malorie Blackman ; illustrated by Derek Brazell. |
| 260 |
_aEdinburgh : _bBarrington Stoke, _c2012, c1999. |
||
| 300 |
_a61 p. : _bill. ; _c20 cm. |
||
| 336 |
_atext _2rdacontent |
||
| 337 |
_aunmediated _2rdamedia |
||
| 338 |
_avolume _2rdacarrier |
||
| 440 | _aSuper readable | ||
| 500 | _aOriginally published: 1999. | ||
| 500 | _a"This book is also dyslexia friendly"--sticker on cover. | ||
| 500 |
_aFormerly CIP. _5Uk |
||
| 655 | 0 | _aChildren's stories. | |
| 700 | 1 |
_aBrazell, Derek. _eIllustrator |
|
| 942 |
_2ddc _cFIC |
||